=LDR 00000nam 2200000 4500 =001 INLIS000000000041229 =005 20130612150757 =008 ***********************************Ind** =035 ##$$0010-061300000041229 =041 ##$$a Ind =082 ##$$a 372.410 28 =090 ##$$a 372.410 28, Tre r =100 ##$$a Trelease, Jim =245 ##$$a Read alond handbook, mencerdaskan anak dengan membaca cerita sejak dini, Jim Trelease ; penerjemah, Arfan chyar =260 ##$$a 2008 $b Jakarta =300 ##$$a 275 hlm, ilus, 24 cm =650 ##$$a Membaca, petunjuk =850 ##$$a NBPNMAT =990 ##$$a 0001/BPAP-NTB/2015 =990 ##$$a 0001/BPAP-NTB/2015